La economía del sector público / (Registro nro. 15549)
[ vista simple ]
| 000 -LEADER | |
|---|---|
| fixed length control field | 01615nam a2200361Ia 4500 |
| 003 - CONTROL NUMBER IDENTIFIER | |
| control field | OSt |
| 005 - DATE AND TIME OF LATEST TRANSACTION | |
| control field | 20210426153917.0 |
| 008 - FIXED-LENGTH DATA ELEMENTS--GENERAL INFORMATION | |
| fixed length control field | 191128s1992 sp ad fr 000 0 spa d |
| 020 ## - INTERNATIONAL STANDARD BOOK NUMBER | |
| International Standard Book Number | 8485855620 |
| 040 ## - CATALOGING SOURCE | |
| Original cataloging agency | CO-JMCR |
| Transcribing agency | CO-JMCR |
| 041 1# - LANGUAGE CODE | |
| Language code of text/sound track or separate title | spa |
| Language code of original | eng |
| 082 04 - DEWEY DECIMAL CLASSIFICATION NUMBER | |
| Classification number | 336.001 / |
| Item number | S733e |
| Edition number | 23 |
| 100 1# - MAIN ENTRY--PERSONAL NAME | |
| Personal name | Stiglitz, Joseph Eugene, |
| Relator term | autor |
| Dates associated with a name | |
| 9 (RLIN) | 6394 |
| 245 13 - TITLE STATEMENT | |
| Title | La economía del sector público / |
| Statement of responsibility, etc. | Joseph E. Stiglitz ; traducción de Mª. Esther Rabasco y Luis Toharia |
| 250 ## - EDITION STATEMENT | |
| Edition statement | Segunda edición |
| 260 ## - PUBLICATION, DISTRIBUTION, ETC. | |
| Place of publication, distribution, etc. | Barcelona : |
| Name of publisher, distributor, etc. | Antoni Bosch, |
| Date of publication, distribution, etc. | 1995. |
| 300 ## - PHYSICAL DESCRIPTION | |
| Extent | xv, 825 páginas : |
| Other physical details | gráficos a blanco y negro ; |
| Dimensions | 24 cm. |
| 505 0# - FORMATTED CONTENTS NOTE | |
| Formatted contents note | Teoría del gasto público. -- Programas de gastos. -- Los impuestos : teorías. -- Los impuestos: práctica. -- Otras cuestiones. <br/> |
| 520 0# - SUMMARY, ETC. | |
| Summary, etc. | El éxito no por esperado, menos clamoroso, de la primera edición de este libro ha sido un acicate par ala preparación de esta segunda edición que incorporan numerosos e importantes cambios en relación con la edición primera. |
| 534 ## - ORIGINAL VERSION NOTE | |
| Introductory phrase | Econimics of the public Sector |
| 546 ## - LANGUAGE NOTE | |
| Language note | Traducido del inglès |
| 650 14 - SUBJECT ADDED ENTRY--TOPICAL TERM | |
| Topical term or geographic name entry element | Sector público |
| 9 (RLIN) | 6395 |
| 650 24 - SUBJECT ADDED ENTRY--TOPICAL TERM | |
| Topical term or geographic name entry element | Sector público |
| Geographic subdivision | Estados Unidos |
| 9 (RLIN) | 6396 |
| 650 24 - SUBJECT ADDED ENTRY--TOPICAL TERM | |
| Topical term or geographic name entry element | Sector público |
| Geographic subdivision | España |
| 9 (RLIN) | 6397 |
| 650 24 - SUBJECT ADDED ENTRY--TOPICAL TERM | |
| Topical term or geographic name entry element | Administración pública |
| 9 (RLIN) | 6398 |
| 650 14 - SUBJECT ADDED ENTRY--TOPICAL TERM | |
| Topical term or geographic name entry element | Sector público |
| General subdivision | estudios comparados |
| 9 (RLIN) | 6399 |
| 650 14 - SUBJECT ADDED ENTRY--TOPICAL TERM | |
| Topical term or geographic name entry element | Impuestos |
| 9 (RLIN) | 6400 |
| 650 14 - SUBJECT ADDED ENTRY--TOPICAL TERM | |
| Topical term or geographic name entry element | Gastos públicos |
| General subdivision | estudios comparados |
| 9 (RLIN) | 6401 |
| 650 14 - SUBJECT ADDED ENTRY--TOPICAL TERM | |
| Topical term or geographic name entry element | Finanzas públicas |
| 9 (RLIN) | 6402 |
| 700 1# - ADDED ENTRY--PERSONAL NAME | |
| Personal name | Rabasco, María Esther, |
| Relator term | traductora |
| 9 (RLIN) | 6403 |
| 700 1# - ADDED ENTRY--PERSONAL NAME | |
| Personal name | Toharia, Luís, |
| Relator term | traductor |
| 9 (RLIN) | 4738 |
| 942 ## - ADDED ENTRY ELEMENTS (KOHA) | |
| Source of classification or shelving scheme | Dewey Decimal Classification |
| Koha item type | Books |
| Withdrawn status | Lost status | Source of classification or shelving scheme | Damaged status | Not for loan | Home library | Current library | Shelving location | Date acquired | Source of acquisition | Total Checkouts | Full call number | Barcode | Date last seen | Copy number | Price effective from | Koha item type |
|---|---|---|---|---|---|---|---|---|---|---|---|---|---|---|---|---|
| Dewey Decimal Classification | Biblioteca Pública José María del Castillo y Rada | Biblioteca Pública José María del Castillo y Rada | General Stacks | 04/15/2018 | Donación | 336.001 / S733e | 430005036 | 05/16/2024 | Ej.1 | 04/15/2018 | Books |